| 000 | 01011nam a2200217Ia 4500 | ||
|---|---|---|---|
| 003 | Ost | ||
| 005 | 20260507075509.0 | ||
| 008 | 260507s9999||||xx |||||||||||||| ||und|| | ||
| 020 | _a9789957117894 | ||
| 040 | _cfsecg | ||
| 041 | _aara | ||
| 082 | _a338.9 | ||
| 100 |
_aمعروف، هوشيار _eمؤلف |
||
| 245 | 0 |
_aالتخطيط الإستراتيجي / _c هوشيار معروف |
|
| 260 |
_aعمان: _bدار وائل للنشر, _c2009 |
||
| 300 |
_a314 صفحة؛ _bإيضاحات ؛ _c24 سم |
||
| 504 | _aببليوغرافيا:ص ص.312-313 | ||
| 520 | _aمفاهيم أساسية وخصائص ونقد التخطيط الإستراتيجي،مقومات التخطيط الإستراتيجي،مؤشرات التخطيط الإستراتيجي،المراحل الأساسية للتخطيط الاستراتيجي،صياغة الخطة الإستراتيجية،التنفيذ والمتابعة والتقويم | ||
| 653 | _aالتخطيط الإقتصادي | ||
| 942 | _cكتاب | ||
| 999 |
_c44729 _d44729 |
||